| 000 | 00928nam a22003017a 4500 | ||
|---|---|---|---|
| 003 | CHAP | ||
| 005 | 20220817042404.0 | ||
| 008 | 971013s r 00010 d | ||
| 010 | _a43217 | ||
| 011 | _a44189 | ||
| 035 | _a48327 | ||
| 040 | _cCHAP | ||
| 082 |
_a614.7 _bM4 |
||
| 110 |
_aMéxico. Secretaría de la Presidencia _977192 |
||
| 245 |
_aMedio ambiente humano _b: problemas ecológicos nacionales |
||
| 260 |
_a(s.l. : _bs.e.), _c(s.a.) |
||
| 300 |
_a55 p. _b: ilus |
||
| 590 |
_aBATCH-UPD _b10 _c20130110 _lUCH01 _h0904 |
||
| 590 |
_aBATCH-UPD _b10 _c20130410 _lUCH01 _h0532 |
||
| 590 |
_aBATCH-UPD _b10 _c20130913 _lUCH01 _h2328 |
||
| 590 |
_aCONVERSION _b10 _c20130109 _lUCH01 _h1324 |
||
| 650 | 1 | 4 |
_aAgua _xContaminación. _92351 |
| 650 | 1 | 4 |
_aAire _xContaminación. _93138 |
| 650 | 1 | 4 | _aEcología humana. |
| 901 | _aBK | ||
| 942 | _cLIBRO | ||
| 949 |
_a614.7 M4 _bBC _cLIBRO _d33724000012563 _eLIBRO _h32784 _i48327 _mD _si |
||
| 999 |
_c43217 _d43217 |
||